Čo nového v mikrobiológii konferencia Mladých mikrobiológov : 16.-19. marec 2017, Wellness Hotel Repiská, Demänovská dolina
| Corporate Author: | |
|---|---|
| Other Authors: | , , |
| Format: | Conference Proceeding Book |
| Language: | Slovak Czech English |
| Published: |
Bratislava Praha
Československá spoločnosť mikrobiologická
2017
|
| Subjects: |
MARC
| LEADER | 00000cam a2200000 4500 | ||
|---|---|---|---|
| 001 | vtls011913411 | ||
| 003 | SK-MaSNL | ||
| 005 | 20260302061248.0 | ||
| 008 | 220509s2017 xo fran 100 0 slo | ||
| 015 | |a SNBA2020/11 | ||
| 020 | |a 9788097142261 |q (brožované) | ||
| 035 | |a urn:nbn:sk:snk-am00gk6r | ||
| 035 | |a urn:nbn:sk:snk-am3j5y2 | ||
| 035 | |a 5E8809BD-4E2D-43A3-AF95-A2FF97CD0482 | ||
| 040 | |a SNK |b slo |c SNK |e rda | ||
| 041 | 0 | |a slo |a cze |a eng | |
| 044 | |a xo |c SK |a xr |c CZ | ||
| 072 | 7 | |a 579 |x Mikrobiológia |2 konspekt | |
| 080 | |a 579 |2 2011 | ||
| 080 | |a (062.534) |2 2011 | ||
| 080 | |a (048.3) |2 2011 | ||
| 111 | 2 | |a Konferencia Mladých mikrobiológov |d (2017 : |c Demänovská dolina, Slovensko) |4 aut |9 719867 | |
| 245 | 1 | 0 | |a Čo nového v mikrobiológii |b konferencia Mladých mikrobiológov : 16.-19. marec 2017, Wellness Hotel Repiská, Demänovská dolina |c zborník zostavili: Petra Olejníková, Hyacinta Májeková, Helena Bujdáková |
| 264 | 1 | |a Bratislava |a Praha |b Československá spoločnosť mikrobiologická |c 2017 | |
| 300 | |a 26 strán |c 21 cm | ||
| 336 | |a text |b txt |2 rdacontent | ||
| 337 | |a bez média |b n |2 rdamedia | ||
| 338 | |a zväzok |b nc |2 rdacarrier | ||
| 500 | |a Názov z obálky | ||
| 504 | |a Obsahuje bibliografické odkazy | ||
| 650 | 0 | 7 | |a mikrobiológia |2 SNKPH |9 3580 |
| 650 | 0 | 7 | |a Microbiology |2 SNKPHeng |9 270714 |
| 655 | 7 | |a zborníky konferencií |2 SNKPH |9 70153 | |
| 655 | 7 | |a Proceedings of conferences |2 SNKPHeng |9 265791 | |
| 655 | 7 | |a abstrakty |2 SNKPH |9 22516 | |
| 655 | 7 | |a Abstracts |2 SNKPHeng |9 275616 | |
| 700 | 1 | |a Olejníková, Petra, |d 1978- |4 com |9 199000 | |
| 700 | 1 | |a Májeková, Hyacinta, |d 1955- |4 com |9 199001 | |
| 700 | 1 | |a Bujdáková, Helena |d 1964- |4 com |9 192595 | |
| 919 | |a 978-80-971422-6-1 | ||
| 958 | |a NB | ||
| 999 | |c 1124621 |d 1126551 | ||
| 952 | |a SNK |b SNK |y PREZ |7 0 |p 17A1414332 |o snkSC 187606 |i snk2020/1712 |8 0 |0 0 |1 0 |4 0 |d 2020-01-27 |f 1 |l 0 |r 2026-02-24 18:42:29 |w 2026-02-24 | ||
| 952 | |a SNK |b SNK |y VYP |7 0 |p 17A1414333 |o snkSC 187606 D1 |i snk2020/1713 |8 0 |0 0 |1 0 |4 0 |d 2020-01-27 |l 0 |r 2026-02-24 18:42:29 |w 2026-02-24 | ||


